000 00764nam a2200289Ia 4500
005 20260324134824.0
008 008 260324s9999 xx 000 0 eng d
020 _a9781315188362
037 _aEBOOK
040 _aCRL
040 _beng
040 _cCRL
041 _2eng
041 _aeng
084 _qCRL
100 _aJohn Hutson; Reginald Byron
_91198295
245 0 _aCommunity Development on the North Atlantic Margin
245 0 _bSelected Contributions to the Fifteenth International Seminar on Marginal Regions
260 _bTaylor and Francis
260 _c2001
365 _a
365 _b145
856 _uhttp://www.taylorfrancis.com/books/9781315188362
942 _cEBOOK
999 _c1798739
_d1798739